Normal view
MARC view
Entry Personal Name
001 - CONTROL NUMBER
- control field: 1239399
003 - CONTROL NUMBER IDENTIFIER
- control field: OSt
005 - DATE AND TIME OF LATEST TRANSACTION
- control field: 20260514122516.0
008 - FIXED-LENGTH DATA ELEMENTS
- fixed length control field: 260514|| aca||aabn | a|a d
040 ## - CATALOGING SOURCE
- Original cataloging agency: OSt
- Transcribing agency: OSt
100 ## - HEADING--PERSONAL NAME
- Personal name: Dr.Abha Singh
670 ## - SOURCE DATA FOUND
- Source citation: Work cat.: (OSt)1851446: Tyagi Dr.Swati 1239398, Clinicopathological Study of Thrombocytopenia in Pregnancy and to Evaluate its Fetomaternal Outcome.
